000 01085nmc a2200349 a 4500
003 AR-BaBNM
005 20251128205045.0
008 226019s1994 ||||||||||||||000 | spa||
020 _a950-602-309-3
040 _cAR-BaBNM
245 1 0 _aIndividuos bajo influencia
_bdrogas, alcoholes, medicamentos psicotrópicos
260 _aBuenos Aires
_bNueva Visión
_c1994
300 0 _a319 p.
490 0 _aCultura y sociedad
500 0 _aContiene referencias bibliográficas en p. 327
500 0 _aLista de colaboradores en p. 331
504 _aBreve bibliografía razonada por Albert Ogien: p. 319-326
650 4 _aSOCIOLOGIA CULTURAL
650 4 _aCONTRACULTURAS
650 4 _aTOXICOLOGIA
650 4 _aDROGADICCION
650 4 _aPSICOLOGIA
650 4 _aESTUDIOS CULTURALES
650 4 _aADICCION
650 4 _aANTROPOLOGIA CULTURAL Y SOCIAL
650 4 _aPSICOLOGIA DE LOS PROCESOS SENSORIALES
700 1 _aEhrenberg, Alain
_edirector
700 1 _aAckerman, Viviana
_etraductor
800 1 _aAltamirano, Carlos
_edirector
942 _cBK
998 _cMARTIN
999 _c9815
_d9815